Towards recovery: (Record no. 4878)

000 -LEADER
fixed length control field 00755cam a2200229 4500
003 - CONTROL NUMBER IDENTIFIER
control field ALUPE UNIVERSITY
005 - DATE AND TIME OF LATEST TRANSACTION
control field 20220330095559.0
008 - FIXED-LENGTH DATA ELEMENTS--GENERAL INFORMATION
fixed length control field 730301s1972 enka 000 0 eng b
020 ## - INTERNATIONAL STANDARD BOOK NUMBER
International Standard Book Number 0852257414
040 ## - CATALOGING SOURCE
Transcribing agency ALUPE UNIVERSITY
050 10 - LIBRARY OF CONGRESS CALL NUMBER
Classification number RM701
Item number .W33 1972
060 ## - NATIONAL LIBRARY OF MEDICINE CALL NUMBER
Classification number WZ100 W118 1972
100 1# - MAIN ENTRY--PERSONAL NAME
Personal name Waddington, P. A. J.
245 10 - TITLE STATEMENT
Title Towards recovery:
Remainder of title a career in physiotherapy,
Statement of responsibility, etc. by Pat Waddington. With a foreword by the Baroness Masham of Ilton.
260 ## - PUBLICATION, DISTRIBUTION, ETC.
Place of publication, distribution, etc. Reading,
Name of publisher, distributor, etc. Educational Explorers,
Date of publication, distribution, etc. c1972.
300 ## - PHYSICAL DESCRIPTION
Extent 129 p.
Other physical details illus.
Dimensions 22 cm.
350 ## - PRICE (NR) (BK AM CF MU VM SE) [OBSOLETE]
Price £1.50
650 #0 - SUBJECT ADDED ENTRY--TOPICAL TERM
Topical term or geographic name entry element Physical therapy
General subdivision Vocational guidance.
650 #2 - SUBJECT ADDED ENTRY--TOPICAL TERM
Topical term or geographic name entry element Physical therapy
General subdivision History.
906 ## - LOCAL DATA ELEMENT F, LDF (RLIN)
a 7
b cbc
c orignew
d 3
e ncip
f 19
g y-gencatlg
942 ## - ADDED ENTRY ELEMENTS (KOHA)
Source of classification or shelving scheme
Koha item type Book
Holdings
Withdrawn status Lost status Source of classification or shelving scheme Damaged status Not for loan Permanent Location Current Location Shelving location Date acquired Source of acquisition Total Checkouts Full call number Barcode Date last seen Price effective from Koha item type Public note
          AU LIBRARY AU LIBRARY Open Shelf 30.03.2022 DONATION FROM MOI UNIVERSITY   RM701 .W33 1972 28011711 30.03.2022 30.03.2022 Book WO

Powered by Koha